000 00716nam a2200253Ia 4500
003 OSt
005 20220912152127.0
006 a|||||r|||| 00| 0
007 ta
008 220909b |||||||| |||| 00| 0 eng d
024 _a59144
037 _cTextual
040 _aCSL
_beng
_cCSL
041 _aeng
082 _aL9F:4, M0
100 _aJaluvka V
245 0 _aSurgical geriatric gynecology:a contribution to geriatric gynacology with particular consideration postoperative mortality
260 _c1980
300 _ap.
_ccm.
490 _aContributions to gynecology and obstatrics; 7
650 _aFemale medicine
942 _hL9F:4, M0
_cTEXL
_2CC
999 _c81141
_d81141